Регионална библиотека "Любен Каравелов" - Русе

Избрани сатири и разкази (Запис номер 184261)

MARC детайли
000 -Лидер
Контролно поле с фиксирана дължина 01249nam a2200313 c 4500
003 - Код на организацията, давaща контролен номер
Контролно поле BLK
005 - Дата и час на последна редакция
Контролно поле 20211027090749.0
008 - Елементи от данни с фиксирана дължина
fixed length control field 180411b bul|||||r ||||||| ||bul||
010 ## - Наследен системен номер
LC control number KNG00193214000
040 ## - Източник на каталожния запис
Идентификатор на билиотеката - собственик на записа BLK
041 ## - Код за език
Код за езика на текст/звукозапис или на отделно заглавие Български
Код за езика КДБФ Български
Други езици Сръбски
080 ## - УДК
Текстов определител УДК Сръбска литература
УДК код - определител по УДК 821.163.41
УДК определител -7
УДК - код + определител 821.163.41-7
100 1# - Редна дума - Автор
Автор Доманович, Р.
Авторска отговорност първи автор
R(LIN) 64207
139 ## - Редно поле
Редна дума Доманович, Р.
Авторски знак Дом - Д 76
245 10 - Сведения за заглавието
Заглавие Избрани сатири и разкази
Редно поле (дума) Р. Доманович; с предг. от Велибор Глигорич; прев. от сърбохърв. О. Рокич; прев. от сърбохърв. Д. Крецул.
257 ## - Страна на издаване
Страна на създаване/издаване Сърбия
260 ## - Област на издателските данни
Име на издателя, разпространителя и проч. Нар. култура
Година на издаване 1957
Място на издаване, разпространение и проч. София
300 ## - Физическа характеристика
Страници 264 с.
Илюстрации и др. 1 л. портр.
Размери/Мащаб 21 см
380 ## - Жанр
Жанр Худож. лит.
500 ## - Общи забележки
Забележка 4 000 тир.
700 1# - Други автори (авторска отговорност)
Лично име Глигорич, Велибор
Автороска отговорност (Описва отношението между автора и произведението) с предг. от
9 (RLIN) 54401
700 1# - Други автори (авторска отговорност)
Лично име Рокич, О.
Автороска отговорност (Описва отношението между автора и произведението) прев. от сърбохърв.
9 (RLIN) 116805
700 1# - Други автори (авторска отговорност)
Лично име Крецул, Д.
Автороска отговорност (Описва отношението между автора и произведението) прев. от сърбохърв.
9 (RLIN) 84141
852 ## - Местоположение
Форматна сигнатура Цб 5923
856 4# - Електронен адрес и достъп
Електронен формат pdf - файл
856 4# - Електронен адрес и достъп
Електронен формат pdf - файл
999 ## - СИСТЕМНИ КОНТРОЛНИ НОМЕРА
Koha biblionumber 184261
Koha biblioitemnumber 184261
942 ## - АРТИКУЛИ
Вид на библиотечния материал Книги
Скрит в OPAC Не
Периодичен библиозапис Да
944 ## - СЪЗДАВАНЕ И РЕДАКЦИЯ на ЗАПИСА
Създаване/Редакция Създаване
Дата на регистрацията/редакция 14.10.2016
Служител, извършил регистрацията/редакцията Христина_Везирева
944 ## - СЪЗДАВАНЕ И РЕДАКЦИЯ на ЗАПИСА
Създаване/Редакция Редакция
Дата на регистрацията/редакция 20.10.2016
Служител, извършил регистрацията/редакцията Правда_Бадева
999 ## - СИСТЕМНИ КОНТРОЛНИ НОМЕРА
Koha biblioitemnumber 184261
999 ## - СИСТЕМНИ КОНТРОЛНИ НОМЕРА
Koha biblioitemnumber 184261
Наличности
Код за отписване Код за изгубен артикул Източник на класификационната схема Код за повреда Коз за рестрикции Код за отдаване Артикулен № Име на библиотеката - собственик Име на библиотеката, в която се намира в момента Статус (Текущо местоположение) Дата на вписване в системата Местоположение - отдел Цена в лева Инвентарен номер Систематично азбучна сигнатура Баркод Номер на екземпляра Цена в евро Служебна бележка Служебен тип на артикула
  Не е изгубен Universal Decimal Classification Не е повреден само за читалня ползва се в читалня 318352 Регионална библиотека "Любен Каравелов" Русе Регионална библиотека "Любен Каравелов" Русе Хранилище 1957-01-01 Основен фонд - ползва се само за читалня 0.87 288/57-пф Цб 5923 900000079411 1 0.44 Вид: Сф N: стар фонд Дата: 01.01.1957 Книги
Изтеглен Не е изгубен Universal Decimal Classification Не е повреден без рестрикции заемане за дома 318353 Регионална библиотека "Любен Каравелов" Русе Регионална библиотека "Любен Каравелов" Русе Заемна - подръчен фонд 1957-01-01 Заемна - подръчен фонд 0.00 6158/57 П 886.7/Д 76 6158/57 2 0.00 Вид: Сф N: стар фонд Дата: 01.01.1957 Дата инв: 19.02.2018 Бележки инв: П2018 Книги
Vip Innovations Ltd, Rousse, Bulgaria 2025